[Event "Guimaraes op"]
[Site "Guimaraes"]
[Date "2007.09.09"]
[Round "7"]
[White "Castro, Henrique Manuel Fer"]
[Black "Azevedo, Rui Filipe"]
[Result "1-0"]
[WhiteElo "2186"]
[BlackElo "2044"]
[PlyCount "65"]
[EventDate "2007.09.04"]
[EventType "swiss"]
[EventRounds "7"]
[EventCountry "POR"]
[SourceTitle "EXT 2009"]
[Source "ChessBase"]
[SourceDate "2008.11.26"]
[SourceVersion "1"]
[SourceVersionDate "2008.11.26"]
[SourceQuality "1"]

1. d4 Nf6 2. Bg5 c5 3. Bxf6 gxf6 4. d5 Bg7 5. c3 Qb6 6. Qc2 f5 7. Nd2 d6 8. g3 Nd7 9. Bg2 Nf6 10. Nc4 Qc7 11. Ne3 e6 12. Nh3 Bd7 13. 0-0 h5 14. Rad1 0-0-0 15. Ng5 Rhf8 16. Nc4 exd5 17. Ne3 Bh6 18. h4 Be6 19. Nxf5 Rh8 20. Nxh6 Rxh6 21. Qa4 Kb8 22. b4 Qc6 23. b5 Qe8 24. Qf4 Qh8 25. a4 Qg7 26. a5 Rhh8 27. a6 b6 28. e4 dxe4 29. Rxd6 Kc8 30. Rc6+ Kd7 31. Qc7+ Ke8 32. Nxe6 fxe6 33. Qxg7 1-0

[Event "Braga District-ch final"]
[Site "Guimaraes"]
[Date "2007.06.15"]
[Round "5"]
[White "Guimaraes, Alvaro JE"]
[Black "Azevedo, Rui Filipe"]
[Result "0-1"]
[WhiteElo "1961"]
[BlackElo "2038"]
[PlyCount "76"]
[EventDate "2007.05.18"]
[EventType "swiss"]
[EventRounds "8"]
[EventCountry "POR"]
[SourceTitle "EXT 2018"]
[Source "ChessBase"]
[SourceDate "2017.10.13"]
[SourceVersion "1"]
[SourceVersionDate "2017.10.13"]
[SourceQuality "1"]

1. g3 c5 2. Bg2 Nf6 3. d3 d5 4. Nf3 Nc6 5. 0-0 e5 6. Bg5 Be7 7. c3 0-0 8. e4 Be6 9. Qe2 h6 10. Bxf6 Bxf6 11. Nbd2 Re8 12. Rfd1 Qc7 13. Nf1 Rad8 14. h3 b5 15. Ne3 d4 16. Nf5 Qa5 17. cxd4 cxd4 18. a3 Qb6 19. Rac1 Na5 20. b4 Nb3 21. Rc2 a5 22. Rb1 Kh7 23. g4 g6 24. Kh2 Ra8 25. Rcb2 axb4 26. Rxb3 Bxb3 27. Rxb3 gxf5 28. exf5 bxa3 29. Qa2 Kg7 30. Nd2 Ra7 31. Bd5 Qc5 32. Rb1 Rc8 33. Ne4 Qc2 34. Rxb5 Qxa2 35. Bxa2 Rc2 36. Rb6 Bh4 37. f6+ Bxf6 38. Nxf6 Rxf2+ 0-1

[Event "Braga District-ch final"]
[Site "Guimaraes"]
[Date "2007.05.25"]
[Round "2"]
[White "Silva, Ivo Manuel Abreu E"]
[Black "Azevedo, Rui Filipe"]
[Result "0-1"]
[WhiteElo "1801"]
[BlackElo "2038"]
[PlyCount "68"]
[EventDate "2007.05.18"]
[EventType "swiss"]
[EventRounds "8"]
[EventCountry "POR"]
[SourceTitle "EXT 2018"]
[Source "ChessBase"]
[SourceDate "2017.10.13"]
[SourceVersion "1"]
[SourceVersionDate "2017.10.13"]
[SourceQuality "1"]

1. e4 c5 2. Nf3 e6 3. d3 Nc6 4. Bf4 Qb6 5. b3 Nf6 6. c3 d5 7. Nbd2 Be7 8. Be2 0-0 9. 0-0 Nh5 10. Bg5 Bxg5 11. Nxg5 Nf4 12. Re1 Ne5 13. Qc2 Qa6 14. c4 Nc6 15. exd5 Nd4 16. Qd1 exd5 17. Bf1 Qg6 18. Ndf3 Nxf3+ 19. Qxf3 Qxg5 20. g3 Ne6 21. cxd5 Nd4 22. Qd1 Bg4 23. Qc1 Qxd5 24. Re3 Nf3+ 25. Kh1 Qh5 26. h4 Rad8 27. Bg2 Rd6 28. Qc3 b6 29. Bxf3 Bxf3+ 30. Kh2 Rd4 31. Kg1 g5 32. Re5 f6 33. Rae1 Rxh4 34. Qc4+ Rxc4 0-1

[Event "Braga district-ch"]
[Site "Braga"]
[Date "2006.05.20"]
[Round "2"]
[White "Azevedo, Rui Filipe"]
[Black "Horta, Guilherme Manuel Ma"]
[Result "1-0"]
[WhiteElo "2045"]
[BlackElo "1786"]
[PlyCount "35"]
[EventDate "2006.05.19"]
[EventType "swiss"]
[EventRounds "9"]
[EventCountry "POR"]
[SourceTitle "EXT 2008"]
[Source "ChessBase"]
[SourceDate "2007.11.25"]
[SourceVersion "1"]
[SourceVersionDate "2007.11.25"]
[SourceQuality "1"]

1. d4 d5 2. c4 c6 3. Nf3 Bf5 4. Nc3 Nf6 5. Qb3 Qb6 6. Qxb6 axb6 7. cxd5 cxd5 8. Bf4 Nc6 9. e3 e6 10. Bb5 Nd7 11. 0-0 Be7 12. Rac1 0-0 13. h3 f6 14. Bg3 Be4 15. Na4 Rfc8 16. Nh4 Bd3 17. Bxd3 Rxa4 18. a3 1-0

[Event "Guimaraes op2"]
[Site "Guimaraes"]
[Date "2004.11.??"]
[Round "2"]
[White "Azevedo, Rui Filipe"]
[Black "Barbosa, Fabio Emanuel Olive"]
[Result "1/2-1/2"]
[WhiteElo "1800"]
[BlackElo "2008"]
[PlyCount "74"]
[EventDate "2004.11.??"]
[EventType "swiss"]
[EventRounds "7"]
[EventCountry "POR"]
[SourceTitle "CBM 103 Extra"]
[Source "ChessBase"]
[SourceDate "2005.01.01"]
[SourceVersion "1"]
[SourceVersionDate "2005.01.01"]
[SourceQuality "1"]

1. d4 d5 2. c4 e6 3. Nc3 Nf6 4. Bg5 Be7 5. e3 0-0 6. Nf3 Nbd7 7. Rc1 a6 8. cxd5 exd5 9. Bd3 h6 10. Bh4 b5 11. 0-0 Bb7 12. Bb1 Ne4 13. Bxe7 Qxe7 14. Nxe4 dxe4 15. Nd2 Nf6 16. Nb3 Bd5 17. Qc2 Rac8 18. Qc5 Qe6 19. Qa3 Bc4 20. Rfe1 Qd6 21. Nc5 Ng4 22. g3 f5 23. Qxa6 c6 24. Rxc4 Ra8 25. Nb7 Rxa6 26. Nxd6 bxc4 27. Nxc4 Rb8 28. a3 Kf8 29. b4 Ke7 30. Rc1 Nf6 31. Kf1 Nd5 32. Ke2 Rba8 33. Kd2 Nc7 34. Na5 Kd6 35. Nb7+ Ke7 36. Na5 Kd6 37. Nb7+ Ke7 1/2-1/2

[Event "Guimaraes op2"]
[Site "Guimaraes"]
[Date "2004.11.??"]
[Round "5"]
[White "Azevedo, Rui Filipe"]
[Black "Margarido, Ricardo Emanuel Tor"]
[Result "1-0"]
[WhiteElo "1800"]
[BlackElo "1844"]
[PlyCount "69"]
[EventDate "2004.11.??"]
[EventType "swiss"]
[EventRounds "7"]
[EventCountry "POR"]
[SourceTitle "CBM 103 Extra"]
[Source "ChessBase"]
[SourceDate "2005.01.01"]
[SourceVersion "1"]
[SourceVersionDate "2005.01.01"]
[SourceQuality "1"]

1. d4 d5 2. c4 e6 3. Nc3 Nf6 4. cxd5 exd5 5. Bg5 Be7 6. e3 0-0 7. Bd3 h6 8. Bh4 c6 9. Nge2 Re8 10. 0-0 Nbd7 11. f3 b5 12. a3 Nb6 13. e4 Nc4 14. Qc1 Na5 15. Qc2 Nc4 16. Bf2 a6 17. e5 Nd7 18. f4 Bb7 19. f5 Bg5 20. Kh1 Rc8 21. b3 Ncb6 22. b4 Nc4 23. Bxc4 dxc4 24. Ne4 Be7 25. Be3 Bf8 26. Nf4 Ba8 27. Rf3 Kh8 28. Rh3 Bb7 29. Nh5 Ba8 30. Rf1 Nb6 31. Nxg7 Kxg7 32. f6+ Kg8 33. Rg3+ Kh8 34. Ng5 Rc7 35. Qh7# 1-0

[Event "Guimaraes op2"]
[Site "Guimaraes"]
[Date "2004.11.??"]
[Round "4"]
[White "Marques, Gil Filipe"]
[Black "Azevedo, Rui Filipe"]
[Result "0-1"]
[WhiteElo "1820"]
[BlackElo "1800"]
[PlyCount "52"]
[EventDate "2004.11.??"]
[EventType "swiss"]
[EventRounds "7"]
[EventCountry "POR"]
[SourceTitle "CBM 103 Extra"]
[Source "ChessBase"]
[SourceDate "2005.01.01"]
[SourceVersion "1"]
[SourceVersionDate "2005.01.01"]
[SourceQuality "1"]

1. d4 Nf6 2. c4 e6 3. Nf3 b6 4. a3 Bb7 5. Nc3 d5 6. Bg5 Be7 7. Qc2 Nbd7 8. cxd5 exd5 9. e3 0-0 10. Rc1 c5 11. Bd3 Re8 12. 0-0 Rc8 13. Qa4 c4 14. Bb1 Bc6 15. Qc2 b5 16. Ne5 Nxe5 17. dxe5 Ne4 18. Bxe7 Qxe7 19. f3 Ng5 20. h4 g6 21. hxg5 Qxe5 22. Rce1 Qxg5 23. Qd2 Rcd8 24. Qd4 a5 25. Qb6 d4 26. exd4 Rxe1 0-1

[Event "POR-ch U14"]
[Site "Armacao de Pera"]
[Date "2000.??.??"]
[Round "3"]
[White "Costa, Armando"]
[Black "Azevedo, Rui Filipe"]
[Result "1/2-1/2"]
[WhiteElo "1420"]
[BlackElo "1345"]
[PlyCount "31"]
[EventDate "2000.04.15"]
[EventType "swiss"]
[EventRounds "7"]
[EventCountry "POR"]
[SourceTitle "EXT 2001"]
[Source "ChessBase"]
[SourceDate "2000.11.22"]
[SourceVersion "1"]
[SourceVersionDate "2000.11.22"]
[SourceQuality "1"]

1. Nf3 d5 2. g3 c5 3. Bg2 Nc6 4. 0-0 e6 5. d3 g6 6. Nbd2 Bg7 7. Re1 Nge7 8. e4 0-0 9. Rb1 b5 10. c3 d4 11. c4 b4 12. Nb3 Qb6 13. Bf4 e5 14. Bd2 a5 15. Kh1 a4 16. Nc1 1/2-1/2